[Event "Amsterdam Euwe Memorial"]
[Site "Amsterdam"]
[Date "1991.??.??"]
[Round "1"]
[White "Ljubojevic, Ljubomir"]
[Black "Gurevich, Mikhail"]
[Result "1-0"]
[WhiteElo "2590"]
[BlackElo "2650"]
[Annotator "Knaak,R"]
[PlyCount "93"]
[EventDate "1991.05.??"]
[EventType "tourn"]
[EventRounds "9"]
[EventCountry "NED"]
[EventCategory "16"]
[SourceTitle "CBM 023"]
[Source "ChessBase"]
[SourceDate "1991.08.01"]
[SourceVersion "1"]
[SourceVersionDate "1991.08.01"]
[SourceQuality "1"]

1. e4 e6 2. d4 d5 3. Nc3 Nf6 4. Bg5 dxe4 5. Nxe4 Be7 6. Bxf6 gxf6 7. Nf3 b6 8.
Bc4 Bb7 9. Qe2 Nd7 10. O-O-O c6 11. Rhe1 Qc7 12. Nc3 $5 {N} Nf8 $6 (12... O-O-O
13. d5 $5 cxd5 (13... exd5 14. Qxe7 dxc4 15. Qxf7 b5 16. Nd4) 14. Bxd5 Kb8 $13
(14... Bb4 $2 15. Bxb7+ Qxb7 16. Qc4+ Bc5 17. b4) 15. Nb5 Qc8 16. Bxb7 Qxb7)
13. Ba6 Bxa6 (13... O-O-O 14. d5 $5) 14. Qxa6 Ng6 15. Qc4 Qd7 16. g3 h5 17. h4
b5 18. Qd3 Kf8 19. Nd2 Rd8 20. Nb3 Kg7 21. Kb1 Bb4 22. Qf3 f5 23. Nc5 Qc8 24.
a3 Ba5 25. b4 Bb6 26. Ne2 Bxc5 27. dxc5 e5 28. Rd6 Rxd6 29. cxd6 c5 30. Qd5
cxb4 31. axb4 Qc4 32. Qxc4 bxc4 33. Kb2 Kf6 34. Kc3 Rd8 35. Rd1 Ke6 36. Kxc4
Rxd6 37. Rxd6+ Kxd6 38. Nc3 Kc6 39. Nd5 f4 40. Nf6 fxg3 41. fxg3 Ne7 42. Nxh5
Nd5 43. Ng7 Nb6+ 44. Kb3 Kd5 45. h5 e4 46. h6 e3 47. Nh5 1-0

[Event "Villa Martelli"]
[Site "Villa Martelli"]
[Date "1997.06.08"]
[Round "8"]
[White "Sutovsky, Emil"]
[Black "Hoffman, Alejandro"]
[Result "1-0"]
[WhiteElo "2560"]
[BlackElo "2480"]
[Annotator "Knaak,R"]
[PlyCount "57"]
[EventDate "1997.06.01"]
[EventType "tourn"]
[EventRounds "11"]
[EventCountry "ARG"]
[EventCategory "13"]
[SourceTitle "CBM 060"]
[Source "ChessBase"]
[SourceDate "1997.09.29"]
[SourceVersion "1"]
[SourceVersionDate "1997.09.29"]
[SourceQuality "1"]

1. e4 {Finkel,A} e6 2. d4 d5 3. Nc3 Nf6 4. Bg5 dxe4 5. Nxe4 Be7 6. Bxf6 gxf6 7.
Nf3 b6 8. Bc4 Bb7 9. Qe2 c6 10. O-O {Der Standardzug ist 10.0-0-0. Dann spielt
Schwarz Qc7, Nd7 und 0-0-0. Nach der kurzen Rochade von Weiß kommt dieser Plan
auch in Frage.} Nd7 $2 {Diese "kleine" Ungenauigkeit in der Zugreihenfolge
zieht fatale Konsequenzen nach sich.} (10... Qc7 {Vielleicht kann Weiß die
gleiche Idee wie in der Partie anwenden, aber mit ungleich höherem Risiko:} 11.
Nh4 $5 (11. Rfe1 {Finkel,A} Nd7 12. Ng3 (12. Rad1 O-O-O 13. Ba6 Nf8 (13... f5
$5 14. Ng3 Bd6 15. Nh5 $6 Rhg8 $15 16. Ne5 $2 Nxe5 17. Bxb7+ Kxb7 18. dxe5 Bxe5
$1 $17 {Kuna,R-Berndt,M/OLO-A 1994/0-1 (66)}) 14. Bxb7+ Kxb7 15. c4 Ng6 16. Qe3
f5 17. Nc3 Bf6 $13 {Vlad,D-Gonzales,G/WchJ Mamaia 1991 (38)}) 12... O-O-O 13.
Ba6 (13. a4 a5 14. Ba6 h5 $1 15. c3 h4 16. Nf1 Nf8 17. b4 axb4 18. cxb4 Ng6
$132 {Kindermann,S-Meister,P/BL 1990 (45)}) 13... Kb8 14. Bxb7 Qxb7 15. a4 Nf8
(15... a5 $5 $13) 16. a5 Ng6 17. axb6 axb6 18. Ra4 $14 {Rossolimo,N-Kramer,H/
Amsterdam 1950 (40)}) (11. a4 a5 12. c3 Nd7 13. Rfb1 $6 h5 14. h4 Qf4 15. g3
Qg4 $13 {Stelting,T-Putzbach,G/BL2-N 1991/0-1 (64)}) 11... f5 12. Nxf5 exf5 13.
Ng5 Ba6 {(Fritz)} 14. Nxf7 (14. Bxf7+ $2 Kf8 15. Ne6+ Kxf7 16. Nxc7 Bxe2 17.
Rfe1 Na6 18. Nxa8 Bc4 $19) 14... Bxc4 15. Qxc4 Rf8 16. Ne5 $13) 11. Nh4 $1 (11.
a4 $5 {Finkel,A} a5 12. Rfe1 Nf8 13. Qe3 Ng6 14. Ng3 Qd6 15. Nh5 Rg8 16. c3 $14
{Heinatz,T-Liedtke,M/Dresden op 1992 (60)}) (11. Ba6 {Finkel,A} Bxa6 12. Qxa6
Qc7 13. c4 O-O 14. Qa4 Kh8 $5 15. Rad1 Rg8 16. Rfe1 Rg4 $13 {Janovsky,S-Zysk,R/
Werfen op 1993/1/2-1/2 (56)}) 11... O-O ({Nach} 11... Qc7 12. Qh5 $1 {bleibt
Schwarz nichts anderes übrig als} O-O {Aber auch das ist ziemlich hoffnungslos:
Mit} (12... f5 {Finkel,A} 13. Ng5 Bxg5 14. Qxg5 Qd8 15. Qg3 Nf6 16. c3 $14) (
12... Qf4 13. Bxe6 $1 Qxe4 14. Qxf7+ Kd8 15. Nf5 Re8 16. Rae1 $1 $18) 13. f4 $1
{wird die Verteidigung Qc7-f4 gleich rausgenommen.} f5 14. Ng5 Nf6 (14... Bxg5
15. fxg5 $18) 15. Qh6 Qd7 (15... Qd8 16. Nxe6 fxe6 17. Bxe6+ Rf7 18. Nxf5 $18)
16. Rad1 Z0 17. Rf3 $18) (11... f5 $2 12. Nxf5 exf5 13. Nd6+ $18 (13. Nd6+ {
Finkel,A} Kf8 14. Qh5 $18)) 12. Ng3 f5 {Finkel: Extremly dangerous dicision,
almost by force leading to lost position.} (12... Re8 13. Qh5 $16 {/\} (13.
Qg4+ Kh8 14. Qh5 f5 15. Ngxf5 exf5 16. Nxf5 $16) 13... Z0 14. Nhf5) (12... b5
$5 {Finkel,A}) 13. Nhxf5 $1 exf5 14. Nxf5 Bf6 (14... Bg5 {Finkel,A} 15. f4 Bf6
16. Qh5 Nb8 17. Rf3 $18 {[%csl Rh7][%cal Gf3h3]}) 15. Qh5 $1 {/\ 16.Bd3 +-} (
15. Qg4+ Kh8 16. Nd6 {ist auch klar vorteilhaft.}) 15... Bg7 {Das ist gänzlich
hoffnungslos.} (15... Kh8 16. Bd3 Rg8 17. Nd6 Rg7 18. Nxf7+ Rxf7 19. Qxf7 Qe7
20. Qxe7 Bxe7 $18) (15... Qc7 {Finkel,A} 16. Bd3 $1 $18) 16. Qg4 Qf6 17. Nxg7
Qxg7 18. Qxd7 {Finkel: Now we can see the consequences of 12th move of black:
white has two extra pawns and quiet easy technical job to convert this
advantage into win.} Rab8 19. Rad1 c5 20. d5 b5 21. Rd3 Kh8 22. Rg3 Qe5 23.
Qxb5 Ba8 24. Qa6 Rxb2 25. Bb3 f5 26. Qxa7 c4 27. Qc5 Rd8 28. Qxc4 Bxd5 29. Qc5
1-0

[Event "Rotterdam"]
[Site "Rotterdam"]
[Date "1990.??.??"]
[Round "?"]
[White "Short, Nigel D"]
[Black "Kortschnoj, Viktor Lvovich"]
[Result "1/2-1/2"]
[WhiteElo "2635"]
[BlackElo "2625"]
[Annotator "Knaak,R"]
[PlyCount "69"]
[EventDate "1990.05.??"]
[EventType "tourn"]
[EventRounds "6"]
[EventCountry "NED"]
[EventCategory "16"]
[SourceTitle "CBM 018"]
[Source "ChessBase"]
[SourceDate "1990.10.01"]
[SourceVersion "1"]
[SourceVersionDate "1990.10.01"]
[SourceQuality "1"]

1. e4 e6 2. d4 d5 3. Nc3 Nf6 4. Bg5 dxe4 5. Nxe4 Nbd7 6. Nxf6+ Nxf6 7. Nf3 c5
8. Bxf6 {Damit hat es keine Eile. Weiß kann diesen Zug später spielen oder auf
ihn verzichten.} gxf6 9. Bb5+ Bd7 10. Bxd7+ Qxd7 11. Qe2 cxd4 12. O-O-O Bc5 13.
Nxd4 O-O-O 14. Nb3 Qc6 15. f4 (15. Nxc5 $14) 15... Bb6 16. g3 Rxd1+ 17. Rxd1
Rd8 18. Rxd8+ Kxd8 19. c3 Ke7 20. Nd2 Qd5 21. b3 f5 22. Kc2 f6 23. a4 Kf7 24.
Qh5+ Kg7 25. Qf3 Qxf3 26. Nxf3 Kf7 27. Kd3 Ke7 28. b4 a5 29. Kc4 axb4 30. cxb4
Kd6 31. a5 Bf2 32. b5 h5 33. Nd4 Bxd4 34. Kxd4 e5+ 35. Kc4 1/2-1/2

[Event "NED-ch45"]
[Site "Hilversum"]
[Date "1990.06.22"]
[Round "10"]
[White "Van der Wiel, John"]
[Black "Kuijf, Marinus"]
[Result "1/2-1/2"]
[WhiteElo "2550"]
[BlackElo "2490"]
[Annotator "Knaak,R"]
[PlyCount "47"]
[EventDate "1990.06.11"]
[EventType "tourn"]
[EventRounds "11"]
[EventCountry "NED"]
[EventCategory "9"]
[SourceTitle "CBM 019"]
[Source "ChessBase"]
[SourceDate "1990.12.01"]
[SourceVersion "1"]
[SourceVersionDate "1990.12.01"]
[SourceQuality "1"]

1. e4 e6 2. d4 d5 3. Nc3 Nf6 4. Bg5 dxe4 5. Nxe4 Be7 6. Bxf6 gxf6 7. Nf3 f5 8.
Ng3 c5 9. Bb5+ Bd7 10. Bxd7+ Qxd7 11. d5 $5 {Seit Savshenko-Shabalov gilt 8.
Ng3 in Verbindung mit dem Textzug als gut. Aber dieses Urteil muß vielleicht
revidiert werden.} (11. dxc5 Qb5 (11... Bxc5 $10) 12. Qd4 Rg8 13. O-O-O Qxc5
14. Qd2 $14 {Gligoric-Dizdar,G/Jugoslavija ch/1990}) 11... exd5 12. Ne5 (12.
Qd3 Nc6 (12... Qe6+ $6 13. Kd1 $1) 13. O-O-O (13. Qxf5 Qe6+ $10) 13... f4 14.
Nh5 Qg4 $2 (14... Nb4 15. Qe2 O-O-O 16. a3 Nc6 17. Nxf4) (14... O-O-O $1 15.
Nxf4 Nb4 16. Qa3 Qg4 17. g3 Bd6 $1 $17) 15. Qxd5 Rd8 16. Qf5 $1 $16 {
Savshenko-Sabalov/URS-YM/1989}) 12... Qe6 13. f4 Nc6 14. O-O {Von Vorteil für
Weiß kann keine Rede sein: =/+/=} Nxe5 15. fxe5 O-O-O 16. Qh5 Qxe5 17. Rae1
Qd4+ 18. Kh1 Qh4 19. Rxf5 Qxh5 20. Nxh5 Rd7 21. Rxf7 Bh4 22. Rxd7 Kxd7 23. g3
Be7 24. Nf4 1/2-1/2

[Event "Baden-Baden"]
[Site "Baden-Baden"]
[Date "1992.12.11"]
[Round "6"]
[White "Kindermann, Stefan"]
[Black "Knaak, Rainer"]
[Result "1/2-1/2"]
[WhiteElo "2505"]
[BlackElo "2525"]
[Annotator "Knaak,R"]
[PlyCount "51"]
[EventDate "1992.12.??"]
[EventType "tourn"]
[EventRounds "11"]
[EventCountry "GER"]
[EventCategory "14"]
[SourceTitle "CBM 033"]
[Source "ChessBase"]
[SourceDate "1993.04.01"]
[SourceVersion "1"]
[SourceVersionDate "1993.04.01"]
[SourceQuality "1"]

1. e4 e6 2. d4 d5 3. Nc3 Nf6 4. Bg5 dxe4 5. Nxe4 Be7 6. Bxf6 gxf6 7. Nf3 b6 8.
c4 $5 Bb7 9. Nc3 f5 $1 $146 10. d5 $5 (10. g3 Bf6 {><d4}) 10... Bf6 11. Qd2 c6
$1 12. O-O-O O-O (12... cxd5 $5 13. cxd5 O-O 14. dxe6 Qxd2+ 15. Rxd2 fxe6 16.
Bc4 Bxf3 17. Bxe6+ Kh8 18. gxf3 $10) 13. g4 $1 cxd5 14. gxf5 $1 Kh8 15. Rg1 $6
(15. Bg2 $5 $13) 15... Nd7 16. cxd5 $6 (16. Qh6 $2 Rg8 $17) (16. fxe6 fxe6 17.
Rg3 $13) 16... Bxd5 17. Nxd5 exd5 $15 18. Kb1 (18. Qxd5 Rc8+ 19. Kb1 Qc7 $15)
18... Qe7 $6 (18... Rc8 $15) 19. Re1 Qd6 20. Bc4 $1 Rad8 21. Qxd5 $1 Qb4 22.
Qb5 Qd6 $1 23. Rd1 Qc7 $1 24. Bd5 Qf4 $1 25. Qc4 $10 Qxf5+ 26. Qe4 1/2-1/2

[Event "Rotterdam"]
[Site "Rotterdam"]
[Date "1990.??.??"]
[Round "?"]
[White "Short, Nigel D"]
[Black "Gurevich, Mikhail"]
[Result "1/2-1/2"]
[WhiteElo "2635"]
[BlackElo "2645"]
[Annotator "Knaak,R"]
[PlyCount "86"]
[EventDate "1990.05.??"]
[EventType "tourn"]
[EventRounds "6"]
[EventCountry "NED"]
[EventCategory "16"]
[SourceTitle "CBM 018"]
[Source "ChessBase"]
[SourceDate "1990.10.01"]
[SourceVersion "1"]
[SourceVersionDate "1990.10.01"]
[SourceQuality "1"]

1. e4 e6 2. d4 d5 3. Nc3 Nf6 4. Bg5 dxe4 5. Nxe4 Be7 6. Bxf6 Bxf6 7. Nf3 O-O 8.
c3 {Der neue Trend !?} Nd7 9. Qc2 e5 10. O-O-O exd4 11. Nxd4 Bxd4 12. Rxd4 Qe7
13. h4 (13. f4 h6 14. g3 Nb6 $6 15. Bg2 Bf5 16. Re1 Rfe8 17. Rdd1 Bg4 $4 18.
Ng5 {1-0/Ivanovic,B-Kovacevic,Vlado/JUG-ch/1989/CBM13}) 13... Ne5 $1 14. Ng5 g6
15. Qe2 Qf6 16. Ne4 Qf4+ 17. Nd2 Qf6 18. h5 Bf5 19. hxg6 (19. Ne4 $5) 19...
Bxg6 $10 20. Ne4 Qe6 21. f3 Nc6 22. Ra4 a6 23. Qc4 Qe5 24. Qd5 Qxd5 25. Nf6+
Kg7 26. Nxd5 Rae8 27. Rah4 Re1+ 28. Kd2 Rb1 29. Bd3 Rxh1 30. Rxh1 Rd8 31. c4
Ne5 32. Bxg6 hxg6 33. Kc3 c6 34. Nf4 g5 35. Rh5 Kf6 36. Rh6+ Ke7 37. Rh5 Kf6
38. Rh6+ Ke7 39. Rh5 Nxc4 40. Rxg5 Nb6 41. b3 Kf6 42. Rh5 Rd1 43. a4 Nc8
1/2-1/2

[Event "Lasker Memorial op"]
[Site "Barlinek"]
[Date "2001.07.26"]
[Round "10"]
[White "Dworakowska, Joanna"]
[Black "Michna, Marta"]
[Result "1/2-1/2"]
[WhiteElo "2350"]
[BlackElo "2399"]
[Annotator "Konikowski,J"]
[PlyCount "52"]
[EventDate "2001.07.19"]
[EventType "swiss"]
[EventRounds "10"]
[EventCountry "POL"]
[SourceTitle "CBM 085"]
[Source "ChessBase"]
[SourceDate "2001.11.13"]
[SourceVersion "1"]
[SourceVersionDate "2001.11.13"]
[SourceQuality "1"]

1. e4 e6 2. d4 d5 3. Nc3 Nf6 4. Bg5 dxe4 5. Nxe4 Be7 6. Bxf6 Bxf6 7. Nf3 Nd7 8.
Bd3 O-O 9. Qd2 (9. O-O e5 10. Nxf6+ Qxf6 11. dxe5 Nxe5 12. Nxe5 Qxe5 13. c3 Bf5
14. Re1 Qf6 15. Bxf5 Qxf5 {1/2-1/2 Sydor,A-Panchenko,A/Lublin 1977/}) 9... e5
$146 {[%mdl 8]} (9... b6 10. h4 Bb7 11. Neg5 h6 12. Ne4 c5 13. O-O-O cxd4 14.
g4 Ne5 15. Nxe5 Bxe5 16. f4 f5 17. gxf5 exf5 18. fxe5 fxe4 19. Bc4+ Kh8 20.
Qxd4 Qxd4 21. Rxd4 Rad8 22. Rhd1 Rxd4 23. Rxd4 e3 24. e6 Re8 25. Rd7 e2 26. Kd2
Bf3 27. e7 Bh5 28. Rd8 Kh7 29. Bd3+ Kg8 30. Bb5 {1-0 Prudlo,S-Kornek,A/GER
1995/}) (9... h6 10. O-O-O Be7 11. h4 c5 12. dxc5 f5 13. Nc3 Nxc5 14. Bc4 Qxd2+
15. Rxd2 a6 $11 {Baerner,H-Moosleitner,H/St Veit 1998/}) 10. d5 Be7 11. O-O-O (
11. O-O Nb6 12. Nxe5 Qxd5 $11) 11... Nb6 12. Nxe5 (12. Nc3 $5) 12... Qxd5 13.
Nc4 Be6 14. Nc3 Qh5 15. Ne3 Rfd8 16. a3 c6 17. h4 Qa5 18. Ne4 Qxd2+ 19. Rxd2 h6
20. f4 Nd5 21. Nxd5 Bxd5 22. Nc3 Bf6 (22... Be6 $5) 23. Nxd5 cxd5 24. Re2 Kf8
25. g3 Re8 26. Rhe1 Rxe2 1/2-1/2

[Event "Bundesliga 0405"]
[Site "Germany"]
[Date "2004.11.27"]
[Round "3.1"]
[White "Volokitin, Andrei"]
[Black "Nielsen, Peter Heine"]
[Result "1-0"]
[WhiteElo "2652"]
[BlackElo "2663"]
[Annotator "Kortschnoj,V"]
[PlyCount "89"]
[EventDate "2004.11.12"]
[EventType "team-tourn"]
[EventRounds "15"]
[EventCountry "GER"]
[SourceTitle "CBM 105"]
[Source "ChessBase"]
[SourceDate "2005.04.11"]
[SourceVersion "1"]
[SourceVersionDate "2005.04.11"]
[SourceQuality "1"]
[WhiteTeam "Katernberg"]
[BlackTeam "Wattenscheid"]
[WhiteTeamCountry "GER"]
[BlackTeamCountry "GER"]

1. e4 {Finkel,A} e6 2. d4 d5 3. Nc3 Nf6 4. Bg5 dxe4 5. Nxe4 Be7 6. Bxf6 Bxf6 7.
Nf3 O-O 8. Qd2 Nd7 9. O-O-O Be7 10. Bd3 b6 11. Neg5 h6 (11... Bxg5 $5 {Finkel,A
} 12. Nxg5 Nf6 13. h4 c5 14. dxc5 Qd5 15. Kb1 Qxc5 16. Ne4 Nxe4 17. Bxe4 Rb8
18. Qd6 Bb7 {1/2-1/2 Sax,G-Dizdar,G/Celje 2003/CBM 097 ext (18)}) 12. Bh7+ Kh8
13. Be4 {The opponents are on the path of the famous game J. Polgar-Berkes,
but black has something up his sleeve.} Bxg5 {In the above mentioned game 13...
hxg5 happened. And after 14.g4!! white achieved a strong attack.} 14. Nxg5 Rb8
15. Nf3 ({Or} 15. h4 Nf6 16. Qe3 Qd6 {and the black position looks quite solid.
}) 15... Nf6 ({Finkel,A: Another possible defensive plan was to trade the
lightsquared bishops, but white seem to keep a small plus in any case.} 15...
Bb7 {Finkel,A} 16. Bxb7 Rxb7 17. d5 $5 {[%csl Rd7]} e5 18. Rhe1 (18. d6 e4 19.
Qd5 Nc5 $11) 18... Re8 19. Re4 $14) 16. Bc6 {Otherwise white has no advantage
at all.} Qd6 17. Ne5 (17. Qc3 $5 Nd5 18. Bxd5 Qxd5 19. Qxc7 Rb7 20. Qc3 Qxa2
$13) 17... Ng4 $1 18. Nxg4 (18. Qc3 Nxf2 19. Rdf1 Nxh1 20. Rxf7 (20. Nxf7+ Rxf7
(20... Kg8 $5) 21. Rxf7 Bb7 22. Bxb7 Rxb7 23. Qf3 Rb8 24. g3 Kg8 25. Rf4 Nxg3
$17) 20... Kg8 $19) 18... Qxc6 19. Rhe1 (19. Nxh6 $2 e5 $1 $17) 19... Qd5 {
Finkel,A: 'It was too dangerous to take the pawn on g2:'} (19... Qxg2 $6 {
Finkel,A} 20. Qf4 Qh3 21. Ne5 Qh5 22. Rg1 $36 {[%cal Gd1d3,Gd3g3]}) 20. Re3 (
20. Nxh6 $2 Qh5 21. Re3 e5 $1 $17) ({Still more solid was} 20. Kb1 {with equal
play.}) 20... f6 (20... Qxa2 {Finkel,A} 21. Ra3 Qd5 22. Nxh6 Qxg2 23. Rg3 Qxh2
24. Ng4 $18 {[%csl Rh8][%cal Gd1g1,Gd2e3]}) 21. Rg3 Qxa2 $1 {Unexpected and
strong. White now has to restrict his ambitions.} 22. Ra3 ({White has rejected
} 22. Qb4 {, perhaps because of} Qa1+ 23. Kd2 Qa5 24. Qxa5 bxa5 {- he is a
pawn down and also - the knight g4 certainly does not decorate the white
position.}) 22... Qd5 (22... Qc4 {Finkel,A} 23. Nxh6 e5 $1 $13 {[%csl Gh3]})
23. Rh3 {Look: two moves before white put his rook only to g3...} Qg5 $2 {
It is so tempting to get rid of the assault against the black king, but it
turns out to be not satisfactory because of other reasons. Finkel,A: 'Black
underestimates his chances in the middlegame transposing into a worse ending.
After the correct'} ({Another move was much safer:} 23... e5 $1 24. Rxh6+ (24.
Nxh6 $4 Bxh3 25. gxh3 f5 $19) 24... Kg8 (24... gxh6 {Finkel,A} 25. Qxh6+ Kg8
26. Qg6+ Kh8 27. Nxf6 Rxf6 28. Qxf6+ $18) 25. Rh4 (25. Rg6 $2 Qe4 26. Qh6 (26.
Rxg7+ Kxg7 27. Qh6+ Kg8 28. Nxf6+ Rxf6 29. Qxf6 Qf4+ $17 (29... Bf5 $19)) 26...
Qf4+ $19) 25... exd4 (25... Qxg2 $5 $132 {Finkel,A the position would be
highly unclear.}) 26. Ne3 Qa2 27. Qxd4 Be6 28. Qa4 {with an about equal
endgame.}) 24. Qxg5 fxg5 25. Rc3 $1 $44 {In fact white, getting an excellent
square for his knight and the rook to the seventh rank, has a clear edge!} e5 {
The move is self-evident.} ({But another move had to be taken into account as
well:} 25... h5 26. Ne5 (26. Rh3 h4 27. Rc3 e5 $13) 26... Rxf2 27. Rxc7 Bb7 (
27... Rxg2 28. Rf1 $16) 28. Nf7+ Kg8 29. Nxg5 Rc8 $1 {black has good chances
to achieve a draw.}) 26. Nxe5 Rxf2 27. Rxc7 Bf5 28. d5 (28. g4 $5 Rc8 29. Rxc8+
Bxc8 30. h3 {followed then by Rd3, b2-b4, eventually Rc3 or d4-d5 would lead
to a certain advantage for white. The idea g2-g4 came to mind of Volokitin two
moves later.}) 28... Rb7 $1 29. Rc6 Re7 30. g4 $1 {Excellent!} (30. Re1 Kh7 31.
d6 Re6 $1 {would not promise much - it are the white pieces which are pinned
all over.}) (30. Nf3 Rxg2 31. d6 Re3 32. Nd4 Bg4 33. Rc7 Re8 34. d7 (34. Nc6 $2
Bxd1 $17 35. Kxd1 (35. d7 Bh5 36. Rc8 $4 Rg1+ 37. Kd2 Rd1+ $19) 35... Re6 $1)
34... Rd8 35. Nc6 Rxd7 36. Rcxd7 Bxd7 37. Rxd7 Rxh2 {would lead to a position
where white had technical problems to win the game. But the move in the game
leads to a won rook endgame.}) 30... Rxe5 (30... Bxc2 31. d6 $18) 31. gxf5
Rfxf5 32. c4 {Inaccuracy.} ({Stronger} 32. d6 Rd5 (32... Re8 33. c4 Rd8 (33...
Rc5 34. Rxc5 bxc5 35. b4 $18) 34. b4 {followed by c5.}) 33. c4 Rxd1+ 34. Kxd1
Rf4 35. Ke2 Rd4 36. Ke3 Rd1 37. Ke4 Kg8 38. Kf5 Kf7 39. Rc7+ Ke8 40. Ke6 Re1+
41. Kd5 {winning.}) 32... Rf2 $1 33. Rd2 Rxd2 34. Kxd2 Kg8 35. b4 {Or 35.Rc8
Kf7 36.Rc7 Kf6 37.Ra7 g4,followed by Rh5-the position is sharp but it
looks-black has good counterplay.} (35. Rc8+ Kf7 36. Rc7+ Kf6 37. Rxa7 g4)
35... Kf8 $2 {Waiting move, just a loss of a tempo.} ({After} 35... b5 {
white is not winning at once:} 36. d6 ({and hardly wins at all - after} 36. Kd3
bxc4+ 37. Kxc4 Re2 38. Ra6 (38. h3 h5) 38... Rxh2 39. Rxa7 g4 {...}) 36... bxc4
37. Rc5 Re6 38. Rc6 Re4) 36. Rc8+ Re8 37. Rc7 {Now white is winning easily.}
Rd8 38. b5 Ra8 39. Kd3 a6 40. bxa6 Rxa6 41. Rb7 g4 42. Kd4 Ke8 43. Ke5 Kd8 44.
Rxg7 h5 45. Ke6 1-0

[Event "Bundesliga 0203"]
[Site "Germany"]
[Date "2002.11.16"]
[Round "3.6"]
[White "Gallagher, Joseph G"]
[Black "Schenk, Andreas"]
[Result "1-0"]
[WhiteElo "2540"]
[BlackElo "2479"]
[Annotator "Kortschnoj,V"]
[PlyCount "81"]
[EventDate "2002.10.19"]
[EventType "team-tourn"]
[EventRounds "15"]
[EventCountry "GER"]
[SourceTitle "CBM 093"]
[Source "ChessBase"]
[SourceDate "2003.04.01"]
[SourceVersion "1"]
[SourceVersionDate "2003.04.01"]
[SourceQuality "1"]
[WhiteTeam "Werder Bremen"]
[BlackTeam "Baden Oos"]
[WhiteTeamCountry "GER"]
[BlackTeamCountry "GER"]

1. e4 e6 2. d4 d5 3. Nc3 Nf6 4. Bg5 dxe4 5. Nxe4 Nbd7 6. Nf3 Be7 7. Nxf6+ Bxf6
8. h4 O-O 9. Bd3 c5 10. Qe2 cxd4 11. O-O-O Nc5 {A new move.} ({After the
theoretical} 11... e5 12. Qe4 g6 13. Rhe1 {black, due to poor development of
his pieces, has some difficulties. But this novelty still does not solve all
black problems.}) 12. Bc4 e5 {A quite natural move. 12...Bd7 looks too slow,
12...b5!? - rather light-hearted...} 13. Nxe5 Bxg5+ 14. hxg5 Qxg5+ 15. Kb1 {
Here 16.Nxf7 is threatening, so the next move of black is more or less forced.}
Be6 16. Rxd4 {Played the most solid way.} (16. Rh5 {was also tempting. Then,
in case of} Qe7 $6 {white could continue} 17. Rxh7 $1) 16... Rad8 {The best.} (
{After a greedy} 16... Qxg2 $2 {white was winning on the spot:} 17. Qh5 h6 18.
Bxe6 fxe6 19. Rg4 Qxf2 20. Rxg7+) 17. f4 Qf6 18. Rxd8 Rxd8 19. Bxe6 Qxe6 20.
Rd1 $1 $14 {White is playing simple and at the same time, I would say,
profound chess. After all exchanges he will stand better - due to an excellent
location of the knight (whereas his counterpart, standing on c5 is like
hanging in the air), and because of the more centralized position of the white
pawns.} Rc8 $6 {To yield voluntarily a central file is hardly recommendable -
20...Qe8 or 20...Rd6 was called for.} ({Another interesting move was} 20... Re8
{with the idea to play soon f7-f6. Black, perhaps, rejected it because of the
annoying reply} 21. Qb5 $5) 21. Qd2 $1 h6 {Here f7-f6 does not work out
properly:} (21... f6 22. Qd8+ Qe8 23. Qd5+ Qe6 (23... Kf8) 24. Qxc5 $16) 22. a3
f6 23. Nf3 Kh8 $6 {Stronger was} (23... Ne4 24. Qd4 Qc6 {and eventually, if
necessary, f6-f5. As we will see, step by step black yields to the opponent
all important central files and squares...}) 24. Re1 Qf5 25. Re7 a6 26. Qe3 Rd8
{The first threat of black - 27...Rd1+ 28.Ka2 Qxc2.} 27. b3 Kh7 $2 {In spite
of rather feeble play of black his position still was not lost. After 27...b6
black had chances to save his game. Instead he commits a blunder.} (27... Rd7
$2 28. Rxd7 Nxd7 29. Qe8+ Kh7 30. Nd4 Qxf4 31. Qxd7 $18) 28. Rxg7+ $18 Kxg7 29.
Qe7+ Kg8 30. Qxd8+ Kf7 31. Qc7+ Kg8 32. b4 Ne4 33. Qb8+ Kg7 34. Qxb7+ Kg8 35.
Qb8+ Kg7 36. Qc7+ Kg8 37. Qd8+ Kg7 38. Qe7+ Kg8 39. Qe8+ Kg7 40. Nd4 Nc3+ 41.
Ka1 1-0